000 00523nam a2200169 i 4500
001 80732
003 ES-MaACL
005 20230906174302.0
007 t|
008 041029s1963 sp ||||1| spa d
100 1 _aHolmes, J. M.
_964057
245 1 0 _aObstetricia ilustrada /
_cJ.M. Holmes ; versión española de F. Carreras Verdaguer.
260 _aBarcelona :
_bEd. Académica,
_c1963.
300 _a124 p. :
_bil. ;
_c23 cm.
700 1 _aCarreras Verdaguer, Francisco.
_935684
852 _aES-MaACL
_jC-23813
_bR.52654
999 _c80732
_d80732